000 00676nam a22001937a 4500
999 _c164091
_d164091
005 20190509170256.0
010 _aUR-10088
020 _c150.00
_a-
035 _aU-8643
037 _bDBAD/PUB
082 _a841
100 _aعبا س ر ضا نير
245 _a عبا س ر ضا نيرکی سو غزليں
_cعبا س ر ضا نير
246 _bAbbas Raza Nayyar ki 100Ghazlen (Urdu)
_aby Abbas Raza Nayyar
260 _a Delhi
_bEducational Publishing House
_c2017 ء
270 _a3191،Vakil Street,Kucha Pandit,Lal Kuan,
_bDelhi
_e110006
_k23216162
_l00911123211540
300 _a201ص
_c22 Cm.(bk)
942 _2ddc
_cUR
_h841
_mن ي ر